Deti, mladiství a mladí dospelý na Slovensku optikou demografie

Analýza vývoja detskej zložky a mladých dospelých na Slovensku v posledných troch sčítaniach a konštrukcia ich možného vývoja do budúcnosti.

Gespeichert in:
Bibliographische Detailangaben
1. Verfasser: Šprocha, Branislav
Format: Buchkapitel
Sprache:Slowakisch
Schlagworte:
Tags: Tag hinzufügen
Keine Tags, Fügen Sie das erste Tag hinzu!

MARC

LEADER 00000naa a2200000 4500
001 0220500
005 20220728114459.1
041 0 |a slo 
044 |a SK 
245 1 0 |a Deti, mladiství a mladí dospelý na Slovensku optikou demografie  |c Branislav Šprocha 
520 |a Analýza vývoja detskej zložky a mladých dospelých na Slovensku v posledných troch sčítaniach a konštrukcia ich možného vývoja do budúcnosti. 
610 2 0 |a deti 
610 2 0 |a metódy štatistické 
610 2 0 |a mladiství 
610 2 0 |a proces reprodukčný 
610 2 0 |a Slovensko 
610 2 0 |a vývoj populačný 
610 2 0 |a demografia 
100 1 |a Šprocha, Branislav